Canchons und partures (Record no. 152956)

MARC details
000 -LEADER
campo de control de longitud fija 00978nam a2200241 i 4500
001 - NÚMERO DE CONTROL
campo de control 152956
003 - IDENTIFICADOR DE NÚMERO DE CONTROL
campo de control ES-MaACL
005 - FECHA Y HORA DE LA ÚLTIMA TRANSACCIÓN
campo de control 20240823063039.0
008 - DATOS DE LONGITUD FIJA--INFORMACIÓN GENERAL
campo de control de longitud fija 000207s1900 gw |||| | ger d
040 ## - FUENTE DE CATALOGACIÓN
Centro catalogador/agencia de origen CCPB | B
Lengua de catalogación spa
Centro/agencia transcriptor CCPB | B
100 0# - ENTRADA PRINCIPAL--NOMBRE DE PERSONA
Nombre de persona Adam de la Halle,
Fechas asociadas al nombre ca. 1245-ca. 1288
9 (RLIN) 164748
245 10 - MENCIÓN DEL TÍTULO
Título Canchons und partures
Resto del título : erster band /
Mención de responsabilidad, etc. des altfranzosischen trouvere Adam de la Halle le Bochu d'Aras ; herausgegeben von Rudolf Berger.
260 ## - PUBLICACIÓN, DISTRIBUCIÓN, ETC.
Lugar de publicación, distribución, etc. Halle :
Nombre del editor, distribuidor, etc. verlag von Max Niemeyer,
Fecha de publicación, distribución, etc. 1900 (
Fabricante druck von Ehrhardt Karras)
300 ## - DESCRIPCIÓN FÍSICA
Extensión [8], VIII, 530 p. ;
Dimensiones 19 cm.
490 1# - MENCIÓN DE SERIE
Mención de serie Romanische Bibliothek. Adan De Le Hale ;
Designación de volumen o secuencia 17 ; 1
594 ## - Nota al título y mención de responsabilidad
Nota al título y mención de responsabilidad Port. paralela en alemán.
700 11 - ENTRADA AGREGADA--NOMBRE PERSONAL
Nombre de persona Foerster, Wendelin,
Término indicativo de función/relación
9 (RLIN) 51405
700 1# - ENTRADA AGREGADA--NOMBRE PERSONAL
Nombre de persona Berger, Rudolf.
9 (RLIN) 125933
830 0# - PUNTO DE ACCESO ADICIONAL DE SERIE-TÍTULO UNIFORME
Título uniforme Romanische Bibliothek. Adan De Le Hale ;
Designación de volumen o secuencia 17 ; 1
9 (RLIN) 221381
852 ## - LOCALIZACIÓN
Ubicación ES-MaACL
Número de control de estantería G-13867
Nota libre -- Enc. hol.
Holdings
Estatus retirado Estado de pérdida Estado de daño No para préstamo Colección Biblioteca de origen Biblioteca actual Ubicación en estantería Fecha de adquisición Fuente de adquisición Total de préstamos Signatura topográfica completa Código de barras Visto por última vez Precio de reemplazo Tipo de ítem Koha
        Libros del s. XIX Biblioteca del Ateneo de Madrid Biblioteca del Ateneo de Madrid Sala Pecera Planta 3 17/01/2008     G-13867 1159772 23/02/2023 23/02/2023 Libro impreso antiguo